| 000 | 00971nam a2200313 i 4500 | ||
|---|---|---|---|
| 003 | DO-SdBNP | ||
| 005 | 20230526135155.0 | ||
| 007 | ta | ||
| 008 | 230526b1975 sp ||||| |||| 00| 0 spa d | ||
| 040 |
_aDO-SdBNP _cBNPHU _erda _bspa |
||
| 049 | 0 | _aBNGR | |
| 082 | 4 |
_a863.6 _bV181s, 1975 _222 |
|
| 100 | 1 |
_aValle-Inclán, Ramón del, _d1866-1936 _93325 _eautor |
|
| 245 | 1 | 0 |
_aSonata de primavera : _bSonata de estío. Memorias del Marqués de Bradomín / _cRamón del Valle-Inclán. |
| 250 | _a8a ed. | ||
| 264 |
_aMadrid : _bEspasa-Calpe, _c1975. |
||
| 300 |
_a162 páginas ; _c18 cm. |
||
| 336 |
_2rdacontent _atexto _btxt |
||
| 337 |
_2rdamedia _asin mediación _bn |
||
| 338 |
_2rdacarrier _avolumen _bnc |
||
| 490 |
_aAustral _v430 |
||
| 500 | _aIncluye índice de autores | ||
| 590 | _aInventariado, 2023/BT | ||
| 650 | 4 |
_aNovela española _91123 |
|
| 650 | 4 |
_aLiteratura española _9632 |
|
| 740 | 0 | _aSonata de estío | |
| 910 | _aBtavárez | ||
| 942 |
_2ddc _cLBS1 |
||
| 999 |
_c53627 _d53627 |
||